书目信息 |
| 书名: | Your life or mine | |
| 作者: | Martine Rothblatt | |
| 分册号: | ||
| 分册名: | 出版地: | Aldershot, Hants ; |
|
| 出版社: | Ashgate | |
| 出版时间: | 2004. | |
| 页数: | xii, 184 p. : | |
| 开本: | 23 cm. | |
| 丛书名: | ||
| 中图分类号: | ||
| 科图分类号: | ||
| 其他分类号: | R617-05 | |
| 主题词: | ||
| 电子资源: | ||
| 000 | 01393nam 2200337 a 4500 | |
| 001 | E0737663014 | |
| 004 | 001018928 | |
| 005 | 20070517102836.75 | |
| 008 | 4001uueng0000000 | |
| 008 | 001 0 eng | |
| 010 | @a2003112475 | |
| 020 | @a0754623912. | |
| 040 | @aUKM @cUKM @dCcBjTSG | |
| 050 | 4 | @aRD129.5 @b.R68 2004x |
| 090 | @aR617-05 @bR845 | |
| 096 | @aR617-05 | |
| 099 | @dR617-05@ex68 | |
| 100 | 1 | @aRothblatt, Martine Aliana, @d1954- |
| 245 | 10 | @aYour life or mine :@bhow geoethics can resolve the conflict between public and private interests in xenotransplantation / @cMartine Rothblatt |
| 260 | @aAldershot, Hants ;@aBurlington, Vt. :@bAshgate,@c2004. | |
| 300 | @axii, 184 p. :@bill. ;@c23 cm. | |
| 504 | @aIncludes bibliographical references (p. [167]-179) and index. | |
| 650 | 0 | @aZoonoses. |
| 650 | 0 | @aProcurement of organs, tissues, etc. |
| 650 | 2 | @aTransplantation, Heterologous @xethics. |
| 650 | 2 | @aOrgan Procurement @xethics. @b01 @c20040513 @lNLC09 @h1358 @b40 @c20041213 @lNLC09 @h1527 @b40 @c20041213 @lNLC09 @h1527 @b40 @c20050104 @lNLC09 @h0913 |
| 650 | 0 | @aXenografts. |
| 650 | 0 | @aProcurement of organs, tissues, etc. @xMoral and ethical aspects. |
| 650 | 0 | @aXenografts @xMoral and ethical aspects. |
| 650 | 0 | @aTransplantation of organs, tissues, etc. @xComplications. |
| 852 | 0 | @bWWDY @k2-2005 @hR617-05 @iR845 |
| Your life or mine : : how geoethics can resolve the conflict between public and private interests in xenotransplantation / / Martine Rothblatt.-Aldershot, Hants ; ; Burlington, Vt. : : Ashgate, , 2004. |
| xii, 184 p. : : ill. ; ; 23 cm. |
| Includes bibliographical references (p. [167]-179) and index. |
| ISBN 0754623912. |
| ● |
| 相关链接 |
|
|
|
|
正题名:Your life or mine
索取号:R617-05/x68
 
预约/预借
| 序号 | 登录号 | 条形码 | 馆藏地/架位号 | 状态 | 备注 |
| 1 | 10477 | 300104777 | 第二样本阅览室/ [索取号:R617-05/x68] | 在馆 |